000 00821nam a2200217Ii 4500
003 JO-AjNU
008 230605s9999||||xx |||||||||||||| ||und||
017 _a1994/2544
020 _a977-01-3696-4
040 _aJO-AjNU
_bara
_erda
_cJO-AjNU
041 _aara
050 1 4 _aPJ7864.A83.Z52 19994
100 3 _aالإبياري، فتحي,
_eauthor
_97776
245 0 0 _aعالم تيمور القصصي: دراسة في فن القصة والرواية عند شيخ القصة العربية محمود تيمور
264 3 1 _aالقاهرة: الهيئة المصرية العامة للكتاب، 1994
300 _a353ص
336 _atext
_btxt
_2rdacontent
337 _aunmediated
_bn
_2rdamedia
338 _avolume
_bnc
_2rdacarrier
650 4 _aالأدب العربي - قصص - دراسة وتحليل
_97777
999 _aA451
_c4019
_d4019